000 00665nam a22002057a 4500
003 OSt
005 20251029023602.0
008 251029b |||||||| |||| 00| 0 eng d
020 _a978-971-0388-33-2.
040 _aDWCL-Main lib
_cOC
082 _aFil. 428 G969e 2007
100 _aGuiyab, Rivera G.
245 _aEnglish communication arts 2 :
_benhancing writing skills.
_cGuiyab, Rivera G.
260 _aMakati City :
_bBookquick Marketing,
_cc2007.
300 _aix, 249 pages ;
_c23 cm.
504 _aIncludes bibliographical references.
650 _21. English language-Grammar.
650 _22. English language-Usage.
942 _2ddc
_cBK - FIL
_kFil.
_n0
999 _c5267
_d5267